000
00274nam a22001217a 4500
041
_a
ENG
100
_a
Srivastava
245
_a
Biomass Briquetting And Utilization
260
_a
Delhi
_b
Jain Brothers
_c
1995
300
_a
152
650
_a
EOES
856
_u
Not To Be Issued
999
_c
2557
_d
2557